01609nab a22002657a 4500003000400000005001700004008004100021040000700062100002000069245011500089260007200204300001300276500003500289505033600324505026800660505008900928650001801017650001801035650002501053650003201078650002801110650005201138650003201190773012101222OSt20251209135919.0190502c xxu||||| |||| 00| 0 spa d cPJ aGaloto, Julieta13aLa maternidad en el régimen penitenciario. Derecho de las niñas, niños y adolescentes /cJulieta Galoto. aCiudad Autónoma de Buenos Aires :bThomson Reuters La Ley,c2025. ap. 86-90 aCita Online: AR/DOC/2681/2024. aSumario: I. Introducción.— II. Fallo "Q. P., J. J. s/ comercio de estupefacientes".— III. Análisis desde el derecho internacional de los derechos humanos.— IV. Análisis desde la legislación nacional.— V. Derecho de los niños, niñas y adolescentes con progenitores privados de su libertad.— VI. Conclusión.  tFallo comentado: CPenal, Penal Juvenil, Contravencional y de Faltas, Ciudad Autónoma de Buenos Aires, sala III ~ 09/06/2023 ~ Q. P., J. J. s/ comercio de estupefacientes o cualquier materia prima para su producción / tenencia con fines de comercialización. t¿Te interesa el texto completo? Solicitalo al correo: koha@justierradelfuego.gov.ar 0aDERECHO PENAL 0aPROCESO PENAL 0aPRISION DOMICILIARIA 0aPROTECCION DE LA MATERNIDAD 0aCUMPLIMIENTO DE LA PENA 0aDERECHOS DE LAS NIÑAS, NIÑOS Y ADOLESCENTES 0aINTERES SUPERIOR DEL NIÑO0 02729dBuenos Aires : LexisNexis, 2006-tRevista de derecho penal y procesal penal. Nº 2 - Febrero 2025z9875920622